| 000 | 00000nam 2200000za 4500 |
| 001 | 9.815850 |
| 003 | CaOODSP |
| 005 | 20241203113639 |
| 007 | cr ||||||||||| |
| 008 | 160419s2014 qucabo||o f000 0 eng d |
| 040 | |aCaOODSP|beng |
| 043 | |an-cn-nk |
| 086 | 1 |aCW66-528/2014E-PDF |
| 100 | 1 |aMacKinnon, Colin Mark,|d1959- |
| 245 | 10|aPortage Island National Wildlife Area management plan |h[electronic resource] / |c[written by Colin MacKinnon of the Canadian Wildlife Service of Environment Canada]. |
| 246 | 1 |iAt head of title: |aNational Conservation Plan |
| 260 | |aGatineau, QC ; |aSackville, NB : |bEnvironment Canada : |bCanadian Wildlife Service, Atlantic Region, |cc2014. |
| 300 | |avi, 47 p. : |bcol. maps, col. ill. |
| 500 | |aIssued also in French under title: Plan de gestion de la réserve nationale de faune de l’Île Portage. |
| 504 | |aIncludes bibliographic references. |
| 692 | 07|2gccst|aConservation areas |
| 692 | 07|2gccst|aResources management |
| 710 | 1 |aCanada. |bEnvironment Canada. |
| 710 | 2 |aCanadian Wildlife Service. |
| 775 | 08|tPlan de gestion de la réserve nationale de faune de l'Île Portage |w(CaOODSP)9.815864 |
| 856 | 40|qPDF|s3.42 MB|uhttps://publications.gc.ca/collections/collection_2016/eccc/CW66-528-2014-eng.pdf |